000 00470cam a22001934a 4500
005 20250605164305.0
008 250528s ||||||||||||||||||||||||d
035 _a22226
020 _a9781111840853
040 _aGR-AtMCL
_bgre
_dGR-AtMCL
_eAACR2
245 1 _aSTATISTICAL METHODS FOR PSYCHOLOGY
250 _a8
260 _bCengage Learning,
_c2017
300 _a770
700 1 _aHowell David C
_93237
942 _cBK
999 _c7282
_d7282